<?xml version="1.0" encoding="UTF-8"?>
<collection xmlns="http://www.loc.gov/MARC21/slim">
 <record>
  <leader>00719nam a2200205   4500</leader>
  <controlfield tag="001">000009098</controlfield>
  <controlfield tag="003">5292</controlfield>
  <controlfield tag="005">20150812140848.0</controlfield>
  <controlfield tag="008">111025s1976                           sd</controlfield>
  <datafield tag="245" ind1="0" ind2="0">
   <subfield code="a">Cây cỏ thường thấy ở Việt Nam</subfield>
   <subfield code="c">Võ Văn Chi ,Lê Khả Kế , Vũ Văn Chuyên, Phân Nguyên Hồng, Trần Hợp, Đỗ Tất Lợi</subfield>
  </datafield>
  <datafield tag="260" ind1=" " ind2=" ">
   <subfield code="a">H.</subfield>
   <subfield code="b">Khoa học và kĩ thuật</subfield>
   <subfield code="c">1976</subfield>
  </datafield>
  <datafield tag="774" ind1=" " ind2=" ">
   <subfield code="d">H.</subfield>
   <subfield code="d">Khoa học và kĩ thuật</subfield>
   <subfield code="d">1976</subfield>
   <subfield code="g">Tập 6</subfield>
   <subfield code="h">387tr.</subfield>
   <subfield code="t">Cây hạt trần và dương xỉ</subfield>
   <subfield code="w">5295</subfield>
  </datafield>
  <datafield tag="OWN" ind1=" " ind2=" ">
   <subfield code="a">LSP</subfield>
  </datafield>
  <datafield tag="999" ind1=" " ind2=" ">
   <subfield code="a">From the UDN01</subfield>
  </datafield>
  <datafield tag="TYP" ind1=" " ind2=" ">
   <subfield code="a">Monograph</subfield>
  </datafield>
  <datafield tag="TYP" ind1=" " ind2=" ">
   <subfield code="a">Printed language</subfield>
  </datafield>
  <datafield tag="980" ind1=" " ind2=" ">
   <subfield code="a">Mạng thư viện Đại học Đà Nẵng</subfield>
  </datafield>
 </record>
</collection>
